000
00147 a2200085 4500
041
_a
spa
100
_a
Anonimo
245
_a
El Maestro
942
_c
BK
999
_c
15836
_d
15836